| 000 | 00946nam a2200301Ia 4500 | ||
|---|---|---|---|
| 001 | dia_1301 | ||
| 003 | CHAP | ||
| 005 | 20250617185108.0 | ||
| 008 | 220117s1966 xx 000 0 und d | ||
| 010 | _a171849 | ||
| 040 | _cCHAP | ||
| 082 | _a574.192028 B56 1966 | ||
| 245 |
_aBioquímica experimental / _c edición John M. Clark ; traducción Justino Burgos González |
||
| 260 |
_aZaragoza, España : _b Acribia, _c1966 |
||
| 300 | _a286 p. | ||
| 500 | _aTpitulo original: Experimental biochemistry | ||
| 503 | _aI. 58139 (ej. 1) \ C/e (ej. 4-7) | ||
| 504 | _aIncluye bibliografías | ||
| 590 | _aQH345 B56 1966 | ||
| 650 |
_aBiochemistry _9150448 |
||
| 650 |
_aBioquímica _912849 |
||
| 700 |
_aBurgos González, Justino _9147760 |
||
| 700 |
_aClark, John M., ed. _9150475 |
||
| 901 | _a574.192028 B56 1966 | ||
| 902 | _aM | ||
| 905 | _a5232271966 sp amn 8222223322spa16 | ||
| 942 |
_cLIBRO _2ddc |
||
| 999 |
_c171849 _d171849 |
||